| 000 | 00606 a2200229 4500 | ||
|---|---|---|---|
| 260 | _aparis | ||
| 630 | _a62 - Ingenierie. Art de lingenieur. Technologie en general | ||
| 037 | _b1, Achat | ||
| 650 | _a6 - SCIENCES APPLIQUEES | ||
| 100 | _aVabre, Jean-Paul | ||
| 260 | _bMasson | ||
| 245 | _aElectronique des impulsions.TomeV, les circuits transmetteurs d'impulsions | ||
| 300 | _a239 p. | ||
| 650 | _aElectronique : circuit | ||
| 260 | _c1970 | ||
| 300 | _b25 cm. | ||
| 100 | _lFr | ||
| 440 | _aLes techniques de base de l'informatique | ||
| 037 | _aS 25264 | ||
| 999 |
_c37898 _d37898 |
||